00949 2200349 4500001002100000005001700021008004100038035002400079040001200103082001200115090001900127100002300146245007900169260011800248300001900366650003200385700001400417850001200431990001200443990001200455999001200467999001200479990001200491990001200503990001200515990001200527990001200539990001200551990001200563990001200575990001200587YOGYA-0612000000007020120603204413.0 ind  0010-061200000000070 aYOPDYOG a899.221 a899.221bSuw B aSUWANDI, Raden Mas aBagawan Senarodracoleh R.M Suwandi; alih aksara dan alih bahasa Sumarsana aJakartabDepartemen Pendidikan dan Kebudayaan Proyek Penerbitan Buku Bacaan dan Sastra Indonesia dan Daerahc1979 a171 hlmc21 cm aKesusastraan Jawa - Tembang aSumarsana aYOPDYOG a58123-a a58122-a a58124-a a58121-a a58123-a a58124-A a58122-A a58122-a a58123-a a58124-A a58122-a a58123-a a58124-A